000 05393cam a2200673 i 4500
001 22716361
003 CSPC
005 20260312132102.0
007 t|
008 220722s2023 inua 001 0 eng d
010 _a 2022943249
015 _aGBC197669
_2bnb
020 _a9780137507474
035 _a22716361
035 _a(OCoLC)1259538295
035 _a(DLC)22716361
040 _aUKMGB
_beng
_erda
_cUKMGB
_dOCLCO
_dOCLCF
_dOCLCO
_dYDX
_dOCLCO
_dUND
_dDLC
_dDLC-MRC
_dCSPC
042 _alccopycat
050 0 0 _aTK5105.59
_b.A243 2023
082 0 4 _a005.8076
_223/eng/20230202
_bAb377c
100 1 _aAbernathy, Robin M.,
_eauthor.
_4aut
_4http://id.loc.gov/vocabulary/relators/aut
_0http://id.loc.gov/authorities/names/no2014022497
_1http://id.loc.gov/rwo/agents/no2014022497
245 1 0 _aCISSP cert guide /
_cRobin Abernathy and Darren Hayes.
246 3 _aCertified information systems security professionals cert guide
250 _aFourth edition.
264 1 _aIndianapolis, Indiana:
_bPearson,
_c2023.
300 _alix, 865 pages :
_billustrations ;
_c24 cm.
336 _atext
_btxt
_2rdacontent
_0http://id.loc.gov/vocabulary/contentTypes/txt
336 _astill image
_bsti
_2rdacontent
_0http://id.loc.gov/vocabulary/contentTypes/sti
337 _aunmediated
_bn
_2rdamedia
_0http://id.loc.gov/vocabulary/mediaTypes/n
338 _avolume
_bnc
_2rdacarrier
_0http://id.loc.gov/vocabulary/carriers/nc
340 _0http://id.loc.gov/vocabulary/millus/ill
490 1 _aCert guide
500 _aPrevious edition: published as by Robin Abernathy and Troy McMillan. 2018.
500 _a"Pearson IT certification"--Cover.
500 _aIncludes ebook access.
500 _aIncludes index.
505 0 _aSecurity and risk management -- Asset security -- Security architecture and engineering -- Communication and network security -- Identity and access management (IAM) -- Security assessment and testing -- Security operations -- Software development security -- Final preparation.
520 _aCISSP Cert Guide, Fourth Edition is a comprehensive exam study guide. Leading IT certification experts Robin Abernathy and Darren Hayes share preparation hints and test-taking tips, helping you identify areas of weakness and improve both your conceptual knowledge and hands-on skills. Material is presented in a concise manner, focusing on increasing your understanding and retention of exam topics. The book presents you with an organized test preparation routine through the use of proven series elements and techniques. Exam topic lists make referencing easy. Chapter-ending Exam Preparation Tasks help you drill on key concepts you must know thoroughly. Review questions help you assess your knowledge, and a final preparation chapter guides you through tools and resources to help you craft your final study plan. The companion website contains the powerful Pearson Test Prep practice test software engine, complete with hundreds of exam-realistic questions. The assessment engine offers you a wealth of customization options and reporting features, laying out a complete assessment of your knowledge to help you focus your study where it is needed most. Well regarded for its level of detail, assessment features, and challenging review questions and exercises, this CISSP study guide helps you master the concepts and techniques that will allow you to succeed on the exam the first time.
650 0 _aElectronic data processing personnel
_xCertification.
_0http://id.loc.gov/authorities/subjects/sh2008102941
650 0 _aComputer security
_xExaminations
_vStudy guides.
_0http://id.loc.gov/authorities/subjects/sh2009121236
650 6 _aSécurité informatique
_xExamens
_vGuides de l'étudiant
650 7 _aComputer security
_xExaminations
_2fast
650 7 _aElectronic data processing personnel
_xCertification
_2fast
655 7 _aStudy guides
_2fast
_0http://id.worldcat.org/fast/1423888
_0(OCoLC)fst01423888
655 7 _aStudy guides.
_2lcgft
_0https://id.loc.gov/authorities/genreForms/gf2014026182
700 1 _aHayes, Darren R.,
_eauthor.
_4http://id.loc.gov/vocabulary/relators/aut
_1http://id.loc.gov/rwo/agents/n2012074769
700 1 _aMcMillan, Troy.
_tCISSP cert guide.
_1http://id.loc.gov/resources/hubs/225e3096-5809-8408-3bf5-56d302847152
758 _1http://id.loc.gov/resources/instances/22716361
758 _4http://id.loc.gov/ontologies/bibframe/instanceOf
_1http://id.loc.gov/resources/works/22716361
776 1 _iOnline version
_4http://id.loc.gov/entities/relationships/onlineversion
_aAbernathy, Robin M.
_tCISSP cert guide
_bFourth edition
_dPlace of publication not identified] : Pearson IT Certification, [2023
_w(OCoLC)1348646504
830 0 _aCert guide
_1http://id.loc.gov/resources/hubs/012fc145-0543-1bc4-e940-ac1de1c320bc
884 _aDLC bibframe2marc v2.10-dev
_g20250328
_qDLC
_uhttps://github.com/lcnetdev/bibframe2marc/releases/tag/v2.10-dev
906 _a7
_bcbc
_ccopycat
_d2
_encip
_f20
_gy-gencatlg
942 _2ddc
_cBK
_h005.8076
_iAb377c
_kCIR
_m2023
_n0
_e23
999 _c32048
_d32048